[Event "Madrid City-ch Seniors 50"]
[Site "Madrid"]
[Date "2021.04.14"]
[Round "7"]
[White "Martinez Martinez, Javier II"]
[Black "Marin Aso, Jose Luis"]
[Result "0-1"]
[WhiteElo "1585"]
[BlackElo "1910"]
[PlyCount "82"]
[EventDate "2021.04.06"]
[EventType "swiss"]
[EventRounds "9"]
[EventCountry "ESP"]
[SourceTitle "EXT 2022"]
[Source "ChessBase"]
[SourceDate "2021.10.06"]
[SourceVersion "1"]
[SourceVersionDate "2021.10.06"]
[SourceQuality "1"]

1. d4 Nf6 2. Nf3 g6 3. g3 Bg7 4. Bg2 0-0 5. 0-0 d6 6. c4 Nc6 7. Nc3 a6 8. e4 Bg4 9. Be3 Qd7 10. Qb3 Rab8 11. Nd2 Bh3 12. Rad1 Bxg2 13. Kxg2 Ng4 14. Bf4 Nxd4 15. Qa3 e5 16. Be3 Nc2 17. Qb3 Ncxe3+ 18. fxe3 Nxe3+ 19. Kg1 Nxf1 20. Nxf1 Qc6 21. Nd5 Qc5+ 22. Kg2 c6 23. Nb6 Rbd8 24. Na4 Qa5 25. Nc3 b5 26. Ne3 Kh8 27. cxb5 axb5 28. Rf1 b4 29. Nb1 d5 30. exd5 cxd5 31. Nd2 d4 32. Ng4 Qd5+ 33. Qxd5 Rxd5 34. Nf6 Bxf6 35. Rxf6 Kg7 36. Rb6 f5 37. Rxb4 e4 38. a4 e3 39. Nf3 d3 40. Kf1 d2 41. Nxd2 exd2 0-1

[Event "Madrid-ch Seniors 50"]
[Site "Madrid"]
[Date "2020.01.17"]
[Round "5"]
[White "Martinez Martinez, Javier II"]
[Black "Chidichimo, Pedro Jose Maria"]
[Result "1/2-1/2"]
[WhiteElo "1572"]
[BlackElo "1802"]
[PlyCount "73"]
[EventDate "2020.01.13"]
[EventType "swiss"]
[EventRounds "9"]
[EventCountry "ESP"]
[SourceTitle "CBM 194 Extra"]
[Source "ChessBase"]
[SourceDate "2020.03.31"]
[SourceVersion "1"]
[SourceVersionDate "2020.03.31"]
[SourceQuality "1"]

1. d4 d6 2. g3 Nf6 3. Bg2 Nbd7 4. e3 e5 5. Ne2 Be7 6. b3 0-0 7. 0-0 c6 8. c4 e4 9. Bb2 d5 10. Nbc3 Re8 11. cxd5 cxd5 12. Nf4 Nf8 13. Rc1 a6 14. Rc2 b5 15. Qd2 g5 16. Nfe2 Bf5 17. Rfc1 Qd7 18. Nb1 Bg4 19. Rc7 Qf5 20. Qe1 Ng6 21. Nd2 h5 22. h3 Bxh3 23. Bxh3 Qxh3 24. Qf1 Qg4 25. f3 exf3 26. Qxf3 Qxf3 27. Nxf3 Ne4 28. Ne5 Bd6 29. Rd7 Nxe5 30. dxe5 Bxe5 31. Bxe5 Rxe5 32. Rcc7 Rf5 33. Nd4 Rf6 34. Rxd5 Nxg3 35. Rxg5+ Rg6 36. Rxg6+ fxg6 37. Ne6 1/2-1/2

[Event "Madrid San Viator op-B 31st"]
[Site "Madrid"]
[Date "2019.10.27"]
[Round "7"]
[White "Martinez Martinez, Javier II"]
[Black "Arribas Lopez, Sara"]
[Result "1-0"]
[WhiteElo "1558"]
[BlackElo "1661"]
[PlyCount "91"]
[EventDate "2019.09.08"]
[EventType "swiss"]
[EventRounds "9"]
[EventCountry "ESP"]
[SourceTitle "EXT 2022"]
[Source "ChessBase"]
[SourceDate "2021.10.06"]
[SourceVersion "1"]
[SourceVersionDate "2021.10.06"]
[SourceQuality "1"]

1. d4 d6 2. e4 g6 3. Bd3 Bg7 4. c3 Nd7 5. Ne2 c5 6. Be3 cxd4 7. cxd4 a6 8. Nbc3 e6 9. Rc1 Ne7 10. a4 0-0 11. 0-0 e5 12. Qd2 exd4 13. Nxd4 Nc5 14. Bc2 f5 15. b4 Nxe4 16. Nxe4 fxe4 17. Bxe4 d5 18. Bd3 Nf5 19. Nxf5 Bxf5 20. a5 Qd6 21. Bc5 Qd7 22. Bxf8 Rxf8 23. Bxf5 Rxf5 24. Rc5 Bf8 25. Rc2 Bd6 26. g3 Rh5 27. f4 Qg4 28. Rfc1 Rf5 29. Rc8+ Kg7 30. Qd4+ Kh6 31. Rf1 Rh5 32. Rc2 Qf5 33. Rg2 Qe4 34. Qxe4 dxe4 35. Rb2 Rb5 36. Rfb1 g5 37. fxg5+ Kxg5 38. Kf2 Be5 39. Rb3 Bd4+ 40. Ke2 Kg4 41. Rf1 Be5 42. Ke3 Kh3 43. Kxe4 Kxh2 44. g4 Bc7 45. Kf3 Be5 46. Rbb1 1-0

[Event "Madrid San Viator op-B 31st"]
[Site "Madrid"]
[Date "2019.09.08"]
[Round "1"]
[White "Martinez Martinez, Javier II"]
[Black "Carrera Mellado, Sergio"]
[Result "1-0"]
[WhiteElo "1558"]
[BlackElo "1202"]
[PlyCount "59"]
[EventDate "2019.09.08"]
[EventType "swiss"]
[EventRounds "9"]
[EventCountry "ESP"]
[SourceTitle "EXT 2022"]
[Source "ChessBase"]
[SourceDate "2021.10.06"]
[SourceVersion "1"]
[SourceVersionDate "2021.10.06"]
[SourceQuality "1"]

1. d4 Nf6 2. Nf3 g6 3. Bg5 Bg7 4. Nbd2 d5 5. e3 0-0 6. Bd3 c5 7. c3 b6 8. Qe2 Bb7 9. Bxf6 exf6 10. h4 h5 11. Rc1 Bc8 12. Nh2 Re8 13. g4 f5 14. gxh5 Qxh4 15. hxg6 fxg6 16. Ndf3 Qf6 17. Kd2 c4 18. Bc2 b5 19. Rcg1 Be6 20. Ne5 g5 21. Qh5 Nd7 22. Nxd7 Bxd7 23. Rxg5 f4 24. Nf3 fxe3+ 25. fxe3 Re7 26. Qh7+ Kf7 27. Qh5+ Kg8 28. Rg6 Be8 29. Qh7+ Kf7 30. Rxf6+ 1-0

[Event "Madrid-ch Previa-A"]
[Site "Madrid"]
[Date "2019.02.20"]
[Round "9"]
[White "Martinez Martinez, Javier II"]
[Black "Fernandez Sanchez, Jose M"]
[Result "1-0"]
[WhiteElo "1588"]
[BlackElo "1151"]
[PlyCount "63"]
[EventDate "2019.02.04"]
[EventType "swiss"]
[EventRounds "9"]
[EventCountry "ESP"]
[SourceTitle "EXT 2021"]
[Source "ChessBase"]
[SourceDate "2020.10.23"]
[SourceVersion "1"]
[SourceVersionDate "2020.10.23"]
[SourceQuality "1"]

1. d4 Nf6 2. Nf3 d5 3. e3 g6 4. Bd3 Bg7 5. 0-0 0-0 6. Nbd2 b6 7. Qe2 Bb7 8. Ne5 c5 9. b3 cxd4 10. exd4 Nc6 11. Nxc6 Bxc6 12. Bb2 Re8 13. Rfe1 Qd6 14. Nf3 e6 15. Ne5 Nd7 16. Nxc6 Qxc6 17. Bb5 Qc7 18. a4 Re7 19. Ba3 Ree8 20. Bb2 Re7 21. Qd2 a6 22. Bd3 e5 23. f3 Rae8 24. Bxa6 exd4 25. Rxe7 Rxe7 26. Bd3 Nc5 27. Re1 Rxe1+ 28. Qxe1 Nxd3 29. cxd3 Qc2 30. Ba3 Qxd3 31. Qe8+ Bf8 32. Qxf8# 1-0

[Event "Madrid-ch Previa-A"]
[Site "Madrid"]
[Date "2019.02.13"]
[Round "6"]
[White "Martinez Martinez, Javier II"]
[Black "De Dompablo Fantova, Juan"]
[Result "1-0"]
[WhiteElo "1588"]
[BlackElo "1678"]
[PlyCount "131"]
[EventDate "2019.02.04"]
[EventType "swiss"]
[EventRounds "9"]
[EventCountry "ESP"]
[SourceTitle "EXT 2021"]
[Source "ChessBase"]
[SourceDate "2020.10.23"]
[SourceVersion "1"]
[SourceVersionDate "2020.10.23"]
[SourceQuality "1"]

1. d4 Nf6 2. Nf3 g6 3. b3 Bg7 4. Bb2 0-0 5. e3 d6 6. Bd3 Nbd7 7. 0-0 Re8 8. Nbd2 c6 9. Rc1 Nd5 10. c4 N5f6 11. c5 dxc5 12. dxc5 Nxc5 13. Bc4 Nd3 14. Bxd3 Qxd3 15. Rc3 Qf5 16. Rc2 Rd8 17. Qc1 Qa5 18. Rd1 Bf5 19. Rc4 Be6 20. Ra4 Qc7 21. Be5 Qc8 22. Rd4 Nd5 23. Bxg7 Kxg7 24. Qb2 Nf6 25. Ne4 Qc7 26. h3 Rxd4 27. Qxd4 Qb6 28. Nc5 h6 29. Nxe6+ fxe6 30. Qe5 Rd8 31. Rxd8 Qxd8 32. Qxe6 Qd1+ 33. Kh2 Qd6+ 34. Qe5 Qxe5+ 35. Nxe5 Nd5 36. Nd3 Nc3 37. a4 Kf6 38. f3 b6 39. Kg3 c5 40. Kf2 c4 41. bxc4 Nxa4 42. Ke2 Nc5 43. Nxc5 bxc5 44. Kd3 Kf5 45. g3 Ke5 46. Kc3 Kd6 47. Kb3 Kc6 48. Ka4 Kb6 49. e4 Kc7 50. Kb5 Kd6 51. f4 e5 52. Ka6 exf4 53. gxf4 g5 54. e5+ Ke6 55. fxg5 hxg5 56. Kxa7 Kxe5 57. Kb6 Kf4 58. Kxc5 Kg3 59. Kd5 Kxh3 60. c5 g4 61. c6 g3 62. c7 g2 63. c8Q+ Kh2 64. Qh8+ Kg1 65. Ke4 Kf1 66. Qf6+ 1-0

[Event "Madrid-ch Seniors 50"]
[Site "Madrid"]
[Date "2018.01.18"]
[Round "9"]
[White "Martinez Martinez, Javier II"]
[Black "Beekhof Harmsen, Willen"]
[Result "1/2-1/2"]
[WhiteElo "1644"]
[BlackElo "1543"]
[PlyCount "68"]
[EventDate "2018.01.08"]
[EventType "swiss"]
[EventRounds "9"]
[EventCountry "ESP"]
[SourceTitle "CBM 182 Extra"]
[Source "ChessBase"]
[SourceDate "2018.02.23"]
[SourceVersion "1"]
[SourceVersionDate "2018.02.23"]
[SourceQuality "1"]

1. d4 Nf6 2. Bg5 Ne4 3. Bh4 g5 4. f3 gxh4 5. fxe4 Bg7 6. e3 c5 7. Nf3 cxd4 8. exd4 Nc6 9. e5 d6 10. exd6 Qxd6 11. c3 Bg4 12. Nbd2 0-0-0 13. Qc2 Kb8 14. Be2 Qg6 15. Qxg6 hxg6 16. Ng5 Be6 17. Nxe6 fxe6 18. 0-0 e5 19. d5 Rxd5 20. Ne4 Bf6 21. Bc4 Rdd8 22. Nxf6 exf6 23. Rxf6 Na5 24. Be2 Rd2 25. Rf2 Rxb2 26. Bd3 Rxf2 27. Kxf2 Rf8+ 28. Ke3 g5 29. g3 hxg3 30. hxg3 Nc6 31. Rh1 Ne7 32. Be4 Rc8 33. Kd3 Rd8+ 34. Ke3 Rc8 1/2-1/2

[Event "Madrid-ch Seniors 50"]
[Site "Madrid"]
[Date "2018.01.11"]
[Round "4"]
[White "Martinez Martinez, Javier II"]
[Black "Sanchez Lucena, Juan"]
[Result "0-1"]
[WhiteElo "1644"]
[BlackElo "1456"]
[PlyCount "80"]
[EventDate "2018.01.08"]
[EventType "swiss"]
[EventRounds "9"]
[EventCountry "ESP"]
[SourceTitle "CBM 182 Extra"]
[Source "ChessBase"]
[SourceDate "2018.02.23"]
[SourceVersion "1"]
[SourceVersionDate "2018.02.23"]
[SourceQuality "1"]

1. d4 Nf6 2. Bg5 d5 3. Nf3 e6 4. e3 Be7 5. Nbd2 a6 6. Bd3 h6 7. Bf4 c5 8. c3 c4 9. Bc2 b5 10. Ne5 Nfd7 11. Ndf3 Nxe5 12. Nxe5 Bf6 13. Qh5 Bxe5 14. Bxe5 Qg5 15. Qf3 f5 16. h4 Qg6 17. h5 Qf7 18. Qg3 Nd7 19. f4 Nxe5 20. fxe5 Bd7 21. Qf2 0-0-0 22. b4 Bc6 23. g4 Bd7 24. Rf1 Rdf8 25. 0-0-0 g6 26. e4 gxh5 27. gxf5 Rhg8 28. f6 Bc6 29. Qf3 Rg4 30. Rde1 Rfg8 31. exd5 Bxd5 32. Be4 Rg3 33. Qh1 Rxc3+ 34. Kb2 Rcg3 35. Bxd5 exd5 36. e6 Qf8 37. e7 Qf7 38. Re5 Qg6 39. Qxd5 Rg2+ 40. Qxg2 Qxg2+ 0-1

[Event "Madrid San Viator op-B 28th"]
[Site "Madrid"]
[Date "2017.05.28"]
[Round "8"]
[White "Baranco Gonzalez, Nicolas"]
[Black "Martinez Martinez, Javier II"]
[Result "0-1"]
[WhiteElo "1303"]
[BlackElo "1635"]
[PlyCount "103"]
[EventDate "2017.03.26"]
[EventType "swiss"]
[EventRounds "9"]
[EventCountry "ESP"]
[SourceTitle "EXT 2019"]
[Source "ChessBase"]
[SourceDate "2018.10.10"]
[SourceVersion "1"]
[SourceVersionDate "2018.10.10"]
[SourceQuality "1"]

1. e4 g6 2. Nf3 Bg7 3. Nc3 d6 4. d4 e5 5. dxe5 dxe5 6. Qxd8+ Kxd8 7. Bg5+ f6 8. 0-0-0+ Bd7 9. Be3 Bh6 10. Bxh6 Nxh6 11. h3 c6 12. Bc4 Ke7 13. g4 Nf7 14. Bxf7 Kxf7 15. g5 Be6 16. gxf6 Nd7 17. Ng5+ Kxf6 18. Nxe6 Kxe6 19. Rhf1 Rhf8 20. Ne2 Rf3 21. Ng1 Rf4 22. Rde1 Raf8 23. f3 Nc5 24. b4 Nxe4 25. Re3 Nd6 26. Rfe1 R8f5 27. Ne2 Rxb4 28. c3 Rc4 29. Nd4+ Rxd4 30. cxd4 Nc4 31. Rc3 Kd5 32. dxe5 Nxe5 33. Rd1+ Ke6 34. Re3 Kf6 35. Rde1 Nxf3 36. Rf1 Nd4 37. Rxf5+ Nxf5 38. Ra3 a5 39. Rxa5 Kg5 40. Ra4 b5 41. Rb4 Ne3 42. a4 Nd5 43. Rg4+ Kf5 44. axb5 cxb5 45. Rd4 Ke5 46. Rg4 Kf5 47. Kb2 h5 48. Rd4 Ke5 49. Rh4 Nf4 50. Kc3 Kf5 51. Kb4 Kg5 52. Kxb5 0-1

[Event "Madrid San Viator op-B 28th"]
[Site "Madrid"]
[Date "2017.04.09"]
[Round "3"]
[White "Jimenez Sanchez, Juan Daniel"]
[Black "Martinez Martinez, Javier II"]
[Result "0-1"]
[WhiteElo "1345"]
[BlackElo "1635"]
[PlyCount "68"]
[EventDate "2017.03.26"]
[EventType "swiss"]
[EventRounds "9"]
[EventCountry "ESP"]
[SourceTitle "EXT 2019"]
[Source "ChessBase"]
[SourceDate "2018.10.10"]
[SourceVersion "1"]
[SourceVersionDate "2018.10.10"]
[SourceQuality "1"]

1. d4 Nf6 2. Nf3 g6 3. c4 Bg7 4. g3 0-0 5. Bg2 d6 6. 0-0 Nbd7 7. Bf4 Nh5 8. Bd2 c5 9. Bc3 cxd4 10. Nxd4 a6 11. e4 Rb8 12. Re1 e5 13. Nf3 Qc7 14. b3 b5 15. Nbd2 b4 16. Bb2 Nc5 17. Qc2 f5 18. Ng5 h6 19. Ngf3 Nf6 20. Nh4 Qf7 21. exf5 g5 22. Ng6 Bb7 23. Bxb7 Rxb7 24. Nxf8 Bxf8 25. Rad1 g4 26. Nf1 Nh7 27. Qd2 Ng5 28. Re3 Qxf5 29. Qd5+ Rf7 30. Nd2 Qxf2+ 31. Kh1 Qxe3 32. Rf1 Nce4 33. Nxe4 Qxe4+ 34. Qxe4 Rxf1+ 0-1

[Event "Madrid San Viator op-B 28th"]
[Site "Madrid"]
[Date "2017.03.26"]
[Round "1"]
[White "Cerioni Serret, Luca"]
[Black "Martinez Martinez, Javier II"]
[Result "0-1"]
[WhiteElo "1369"]
[BlackElo "1635"]
[PlyCount "42"]
[EventDate "2017.03.26"]
[EventType "swiss"]
[EventRounds "9"]
[EventCountry "ESP"]
[SourceTitle "EXT 2019"]
[Source "ChessBase"]
[SourceDate "2018.10.10"]
[SourceVersion "1"]
[SourceVersionDate "2018.10.10"]
[SourceQuality "1"]

1. e4 e6 2. d4 d5 3. exd5 exd5 4. Nf3 Nf6 5. c4 dxc4 6. Bxc4 Be7 7. 0-0 0-0 8. Re1 c6 9. Qb3 b5 10. Bxf7+ Rxf7 11. Ne5 Qd5 12. Qxd5 cxd5 13. Nxf7 Kxf7 14. Nc3 b4 15. Na4 Nbd7 16. Be3 Nb6 17. Nxb6 axb6 18. Re2 Bd6 19. Rc1 Bd7 20. b3 Ne4 21. Bd2 Rxa2 0-1

[Event "Madrid-ch Seniors 50"]
[Site "Madrid"]
[Date "2017.01.18"]
[Round "8"]
[White "Cortijo Manso, Luis"]
[Black "Martinez Martinez, Javier II"]
[Result "1/2-1/2"]
[WhiteElo "1489"]
[BlackElo "1711"]
[PlyCount "68"]
[EventDate "2017.01.09"]
[EventType "swiss"]
[EventRounds "9"]
[EventCountry "ESP"]
[SourceTitle "CBM 176 Extra"]
[Source "ChessBase"]
[SourceDate "2017.03.02"]
[SourceVersion "1"]
[SourceVersionDate "2017.03.02"]
[SourceQuality "1"]

1. Nf3 Nf6 2. c4 g6 3. Nc3 Bg7 4. g3 d6 5. Bg2 0-0 6. 0-0 c6 7. d4 Nbd7 8. e4 Nb6 9. b3 Bg4 10. h3 Bxf3 11. Bxf3 e5 12. dxe5 dxe5 13. Qxd8 Raxd8 14. c5 Nc8 15. Bg2 h5 16. Bg5 Rd3 17. Na4 Nh7 18. Be3 Rfd8 19. h4 Bf8 20. Nb2 Rxe3 21. fxe3 Bxc5 22. Nc4 b5 23. Rad1 Rxd1 24. Rxd1 bxc4 25. Rd8+ Kg7 26. Rxc8 Bxe3+ 27. Kf1 cxb3 28. axb3 c5 29. Ra8 Nf6 30. Ke2 Bd4 31. Rd8 Ng4 32. Rd7 Nf6 33. Rd8 Ng4 34. Rd7 Nf6 1/2-1/2

[Event "Madrid-ch Seniors 50"]
[Site "Madrid"]
[Date "2017.01.16"]
[Round "6"]
[White "Salgado Duarte, Pablo"]
[Black "Martinez Martinez, Javier II"]
[Result "1/2-1/2"]
[WhiteElo "1574"]
[BlackElo "1711"]
[PlyCount "131"]
[EventDate "2017.01.09"]
[EventType "swiss"]
[EventRounds "9"]
[EventCountry "ESP"]
[SourceTitle "CBM 176 Extra"]
[Source "ChessBase"]
[SourceDate "2017.03.02"]
[SourceVersion "1"]
[SourceVersionDate "2017.03.02"]
[SourceQuality "1"]

1. d4 e6 2. c4 Nf6 3. Nc3 d5 4. Bg5 Be7 5. e3 c5 6. Nf3 cxd4 7. Nxd4 0-0 8. cxd5 Nxd5 9. Bxe7 Nxe7 10. Bd3 Nd7 11. Qc2 Nf6 12. 0-0 Bd7 13. Ne4 Ng6 14. Rfd1 a6 15. Nf3 Nd5 16. a3 Rc8 17. Qb3 Qc7 18. Rd2 Qb6 19. Qxb6 Nxb6 20. Nd6 Rc7 21. Be4 Bc8 22. Rad1 Bd7 23. Bxb7 Ba4 24. Re1 Rd8 25. Be4 f5 26. Bb1 Rcd7 27. b3 Bc6 28. Red1 Bxf3 29. gxf3 Ne5 30. Kg2 Nf7 31. Nc4 Rxd2 32. Rxd2 Nxc4 33. Rxd8+ Nxd8 34. bxc4 Nc6 35. Ba2 Kf7 36. f4 Ke7 37. Kf3 Kd6 38. Ke2 Kc5 39. Kd3 e5 40. f3 exf4 41. exf4 Nd4 42. h3 Nxf3 43. Ke3 Nd4 44. Kd3 h6 45. a4 a5 46. Bb1 Ne6 47. Ke3 g6 48. Ba2 Nd8 49. Kd3 Nb7 50. Kc3 Nd6 51. Kd3 Ne4 52. Ke3 Nc3 53. Bb3 Kb4 54. Bc2 Nxa4 55. Bxa4 Kxa4 56. Kd4 Kb4 57. Kd5 a4 58. c5 a3 59. c6 a2 60. c7 a1Q 61. c8Q Qd1+ 62. Ke6 Qb3+ 63. Kf6 Qxh3 64. Qb7+ Kc5 65. Qc7+ Kb5 66. Qb7+ 1/2-1/2